00690nam a2200193Ia 450000500170000000800410001704000570005804100080011511100440012324500740016726000730024130000180031450500320033265000220036470000260038670000240041270000290043670000310046520260520142210.0130821s1989 ck gr spa  aCo-BoUCMbspacStefania Borbon (Modificó)d[Nuevo] aspa1 aCongreso de Derecho Comercial (4: 1989)10aDerecho Comercial Contemporáneo /cAtilio Aníbal Alterini y otros aMedellín (Antioquia, Colombia)bBiblioteca Jurídica Dikéc1989 a494 páginas aContenido : El underwriting04aDerecho comercial1 aArrubla Paucar, Jaime1 aPuyo Vasco, Rodrigo1 aTrijillo Calle, Bernardo1 aBernal Gutiérrez, Rafael